000 00445nam a2200181Ia 4500
008 220531s9999 xx 000 0 und d
041 _aeng
082 _a334.2
_bVAZ / PAW
100 _aVaze, A. T. / Pawar, I. D.
_939310
245 _aCo-operative Banking
250 _a1ST
260 _aPune
_bVarsha
_c1998
300 _a186
542 _d13-07-1998
650 _aBanking
_939311
906 _d1998-1999
_f6305
999 _c23724
_d23724